000 01864cam a2200493 a 4500
001 20474
003 VRT
005 20260122144922.0
008 220512s1999 xo gr 0000f slo
015 _aSNBA2004/03-02109
020 _a8088834570
035 _aSNK000406359
035 _aurn:nbn:sk:snk-am3iwje
035 _a398515B2-BB66-4500-B4FC-F30E7543AD36
035 _aurn:nbn:sk:snk-am00g55m
039 9 _a202401190948
_bAUTHORITY
_c202207261527
_dAUTHORITY
_c202207261455
_dAUTHORITY
_c202205120806
_dVLOAD
040 _aSNK
_bslo
_aSNK
_eAACR2
041 1 _aslo
_hrus
044 _axo
_cSK
072 7 _a821.161.1
_xRuská literatúra
_2konspekt
080 _a821.161.1-31
_22011
080 _a(0:82-311.1)
_22011
100 1 _aLermontov, Michail Jurievič,
_d1814-1841
_4aut
245 1 0 _aHrdina našich čias
_b1839
_cMichail Jurievič Lermontov ; preložila: Zora Jesenská
260 _aRohovce
_bInterpopulart Slovakia
_c[1999]
300 _a113 strán
_c22 cm
490 1 _aPopulart. Ruská romantická literatúra
490 1 _aŠtudentská knižnica
_v58
655 7 _aruské romány
_2SNKPH
655 7 _apsychologické romány
_2SNKPH
655 7 _aRussian fiction
_2SNKPHeng
655 7 _aPsychological novels
_2SNKPHeng
700 1 _aJesenská, Zora,
_d1909-1972
_4trl
830 0 _aPopulart
_pRuská romantická literatúra
830 0 _aŠtudentská knižnica
910 _asnk
942 _2ddc
_cKLDO
_n0
949 _64710700303
_astrmkB
_bstrmk2008/303
949 _6270001000053313
_asvkbbA 94669
_bsvkbbm 612569
949 _6270001000066134
_asvkbbA 94669
_bsvkbbm 613237
949 _6270001000066135
_asvkbbA 94669-a
_p612.570
949 _617A0378272
_9P60, <03>, [BOOK], {603}
_asnkSC 111127
_bsnkKSP 4120/2003
_s6100:20210419
949 _63830001112442
_akurukT13/LERM1-5
_bkuruk2016/F5564
_oD2016/študentka SJ/október 2014
999 _c20474
_d20474